Guess The Rock Artist By Album Cover: 8 - Statistics

General Stats
  • This quiz has been taken 22 times
  • The average score is 8 of 16
Answer Stats
Picture Answer % Correct
Jimi Hendrix
91%
Survivor
91%
Journey
77%
Rolling Stones
68%
Quiet Riot
55%
Creed
50%
Jethro Tull
50%
Judas Priest
50%
Lynyrd Skynyrd
50%
Albert King/Stevie Ray Vaughan
45%
Nickelback
45%
Creedence Clearwater Revival
41%
Van Halen
41%
Black Sabbath
36%
Bob Seger
23%
Tom Petty
23%
No matching quizzes found
Score Distribution
Percent of People with Each Score
Percentile by Number Answered
Your Score History
You have not taken this quiz